000 00964nam a22003137a 4500
003 CHAP
005 20220329133756.0
008 971013s1994 r 00010 d
010 _a10711
011 _a11683
035 _a10922
040 _cCHAP
082 _a589.2
_bG7 1994
100 0 0 _aGriffin, David H.
_950674
245 _aFungal physiology
250 _a2 ed.
260 _aNew York :
_bWiley - Liss,
_c1994
300 _a458 p.
590 _aBATCH-UPD
_b10
_c20130110
_lUCH01
_h1359
590 _aBATCH-UPD
_b10
_c20130410
_lUCH01
_h0851
590 _aBATCH-UPD
_b10
_c20130914
_lUCH01
_h1620
590 _aCONVERSION
_b10
_c20130109
_lUCH01
_h1307
650 1 4 _aHongos.
_956084
650 1 4 _aMicologĂ­a.
_975476
901 _aBK
942 _cLIBRO
949 _a589.2 G7 1994
_bBC
_cLIBRO
_d33724000003646
_eLIBRO
_gI.179208
_h88226
_i10922
_si
_t501.00
949 _a589.2 G7 1994
_bBC
_cLIBRO
_d33724000810925
_eLIBRO
_fc.2
_gI.208953
_h99213
_i10922
_si
_t$466.00
999 _c10711
_d10711